000 01555nam1a2200337 i 4500
001 RU\NLR\BIBL_A\022042482
005 20260407150604.0
035 _a(NLR Aleph) 022042482
090 _a12573638
_c12573638
100 _a20231005d1917 km y0rusy50 ca
101 0 _arus
102 _aRU
105 _a z 1
181 0 _ai
_baxxe
182 0 _an
200 1 _aСтенографический отчет делегатов фронта
_eзаседание...
_eобъяснения представителей Правительства
203 _aТекст
_bвизуальный
_cнепосредственный
210 _a[Петроград]
_cГосуд. тип.
_d[1917]
215 _d27
309 _aБез тит. л. и обл.
316 _aЭкз. РНБ (шифр 64-8/512): заседания 24, 26-го апр., 1-4 мая 1917 г. сплетены в один пер.
_5NLR
316 _aЭкз. РНБ (шифр 32/14): заседания 24-26, 28-30-го апр., 1-4 мая 1917 г. сплетены в один пер.
_5NLR
601 1 2 _aСовещание делегатов фронта
_eПетроград
_f1917
_jСтенографические отчеты
_92568140
_3RU\NLR\AUTH\6601730522
686 3 _aХ2(2)525-523
686 3 _aТ3(2)711.19-532.2
710 1 2 _aСовещание делегатов фронта
_f1917
_eПетроград
_3RU\NLR\AUTH\8810090391
_9682099
852 _aNLR
_j32/14
852 _aNLR
_j64-8/512
942 _cBOOK